[Event "Weihnachtsopen (M)"]
[Site "Zürich"]
[Date "2011.12.28"]
[Round "4"]
[White "Cremer , Kevin"]
[Black "Kolbus , Dietmar"]
[Result "0-1"]
[WhiteElo "2172"]
[BlackElo "2325"]
[PlyCount "60"]
[EventDate "2011.12.26"]
[SourceDate "2011.12.26"]

1. b3 d5 2. Bb2 c6 3. e3 Nf6 4. f4 Bg4 5. Be2 Bxe2 6. Qxe2 Nbd7 7. Nf3 e6 8. d3
Qa5+ 9. c3 Bd6 10. O-O Qb6 11. Kh1 Ng4 12. Nd4 h5 13. c4 dxc4 14. dxc4 Nc5 15.
Nd2 O-O-O 16. Ba3 a5 17. Rab1 Na6 18. c5 Bxc5 19. Bxc5 Nxc5 20. b4 axb4 21. Nc4
Qa6 22. Rxb4 Kd7 23. Rb6 Qa7 24. Qb2 Ke8 25. Rd1 Na4 26. Qa3 Nf2+ 27. Kg1 Nxd1
28. Rb4 Ndc3 29. Nb6 c5 30. Nxa4 cxb4 0-1

[Event "Weihnachtsopen (M)"]
[Site "Zürich"]
[Date "2011.12.28"]
[Round "4"]
[White "Stucki , Kaspar"]
[Black "Rindlisbacher , Lars"]
[Result "0-1"]
[WhiteElo "2036"]
[BlackElo "2202"]
[PlyCount "79"]
[EventDate "2011.12.26"]
[SourceDate "2011.12.26"]

1. e4 e5 2. Nf3 Nc6 3. Nc3 Nf6 4. g3 Nxe4 5. Nxe4 d5 6. Nc3 d4 7. Nb1 e4 8. Ng1
Ne5 9. d3 Bg4 10. Be2 exd3 11. Bxg4 dxc2 12. Qe2 Qe7 13. Bh3 Nd3+ 14. Kd2 Qxe2+
15. Nxe2 cxb1=Q 16. Rxb1 Nxf2 17. Re1 Nxh3 18. Nf4+ Kd7 19. Nxh3 Bb4+ 20. Kd1
Bxe1 21. Kxe1 Rhe8+ 22. Kd1 Re5 23. b4 Rae8 24. Nf4 Re1+ 25. Kc2 g5 26. Nd3
R8e2+ 27. Kb3 Rd1 28. Nc5+ Kc6 29. Rb2 Rxb2+ 30. Bxb2 h6 31. Kc4 b5+ 32. Kb3
Rd2 33. h4 a5 34. Bc1 a4+ 35. Ka3 Rg2 36. Bb2 Kd5 37. hxg5 hxg5 38. Na6 d3 39.
Bf6 d2 40. Bxg5 0-1

[Event "Weihnachtsopen (M)"]
[Site "Zürich"]
[Date "2011.12.29"]
[Round "5"]
[White "Turci 		, Stefano"]
[Black "Klamp 	, Christoph	"]
[Result "1-0"]
[WhiteElo "2228"]
[BlackElo "2110"]
[PlyCount "61"]
[EventDate "2011.12.26"]
[SourceDate "2011.12.26"]

1. d4 f5 2. Bf4 Nf6 3. e3 b6 4. Bd3 Bb7 5. Nf3 g6 6. h4 e6 7. Nbd2 Bg7 8. c3 d6
9. Qe2 a6 10. O-O-O d5 11. Ne5 Nbd7 12. Ndf3 c5 13. Ng5 Qe7 14. Nef7 e5 15.
dxe5 Ne4 16. Bxe4 fxe4 17. e6 O-O 18. Bd6 Qf6 19. exd7 Rxf7 20. Nxf7 Qxf7 21.
Bg3 Qxd7 22. h5 a5 23. hxg6 hxg6 24. Rh4 d4 25. exd4 cxd4 26. Rxe4 Qc6 27. Re7
dxc3 28. Rxg7+ Kxg7 29. Qe7+ Kg8 30. Be5 cxb2+ 31. Kxb2 1-0

[Event "Weihnachtsopen (M)"]
[Site "Zürich"]
[Date "2011.12.29"]
[Round "5"]
[White "Cepo , Toni"]
[Black "Stucki , Kaspar"]
[Result "1-0"]
[WhiteElo "2204"]
[BlackElo "2036"]
[PlyCount "83"]
[EventDate "2011.12.26"]
[SourceDate "2011.12.26"]

1. Nc3 Nf6 2. Nf3 d5 3. d4 Bf5 4. Bf4 c6 5. e3 Qa5 6. Bd3 Ne4 7. Bxe4 Bxe4 8.
O-O Nd7 9. Nxe4 dxe4 10. Nd2 f5 11. f3 exf3 12. Nxf3 g6 13. c3 Qd5 14. Ne5 Nxe5
15. Bxe5 Rg8 16. Qc2 Bg7 17. e4 fxe4 18. Bxg7 Rxg7 19. Rf4 O-O-O 20. Rxe4 Re8
21. Re5 Qd6 22. b4 e6 23. a4 Rc7 24. Rf1 b6 25. Qe2 Kb7 26. Qe4 Kc8 27. Rf6
Rce7 28. Qe2 Kb7 29. Qe4 Kc7 30. Qd3 Kb7 31. Qc4 Kb8 32. Qa6 Qc7 33. Qe2 Qd6
34. h4 Kc7 35. h5 gxh5 36. Qxh5 Qd7 37. Qh3 Kb7 38. Rh6 Kc7 39. Reh5 Rh8 40.
Re5 Rhe8 41. Qg3 Rg7 42. Rg5+ 1-0

[Event "Weihnachtsopen (M)"]
[Site "Zürich"]
[Date "2011.12.29"]
[Round "5"]
[White "Stucki , Ramon"]
[Black "Issler , Christian"]
[Result "1-0"]
[WhiteElo "2045"]
[BlackElo "2120"]
[PlyCount "57"]
[EventDate "2011.12.26"]
[SourceDate "2011.12.26"]

1. e4 e6 2. d4 d5 3. exd5 exd5 4. Bd3 Nc6 5. c3 Bd6 6. Nf3 Bg4 7. O-O Nge7 8.
Bg5 f6 9. Bh4 Qd7 10. Nbd2 O-O-O 11. Bg3 Ng6 12. Bxd6 Qxd6 13. Qc2 Nce7 14.
Rfe1 Nf4 15. Bf1 g5 16. c4 dxc4 17. Nxc4 Qd7 18. Qb3 Rhe8 19. Na5 Qd5 20. Qc3
Nh3+ 21. gxh3 Qxf3 22. hxg4 Qxg4+ 23. Bg2 Nf5 24. Rxe8 Rxe8 25. Rc1 Qf4 26.
Bxb7+ Kb8 27. Bg2 Nxd4 28. Nc6+ Nxc6 29. Qxc6 1-0

[Event "Weihnachtsopen (M)"]
[Site "Zürich"]
[Date "2011.12.29"]
[Round "5"]
[White "Vucicevic , Moma	"]
[Black "Miezis , Normunds	"]
[Result "0-1"]
[WhiteElo "2321"]
[BlackElo "2547"]
[PlyCount "78"]
[EventDate "2011.12.26"]
[SourceDate "2011.12.26"]

1. c4 c5 2. g3 Nc6 3. Bg2 g6 4. Nc3 Bg7 5. Nf3 e5 6. O-O Nge7 7. a3 d6 8. b4
O-O 9. Rb1 f5 10. Ne1 e4 11. Bb2 Be6 12. d3 Ne5 13. Ba1 Rb8 14. dxe4 Nxc4 15.
Qc1 cxb4 16. axb4 b5 17. Nd3 Bf7 18. exf5 Nxf5 19. Ne4 d5 20. Bxg7 Kxg7 21.
Nec5 d4 22. Ra1 Qe7 23. Ra6 Rb6 24. Qa1 Rxa6 25. Qxa6 Nd2 26. Re1 Rb8 27. Nf4
Kg8 28. Ra1 d3 29. e3 Rd8 30. Qb7 Nb3 31. Qxe7 Nxe7 32. Rb1 d2 33. Bf3 Nxc5 34.
bxc5 a5 35. Bd1 b4 36. Ba4 b3 37. Rd1 Rb8 38. Ne2 Rb4 39. Nc3 Rc4 0-1

[Event "Weihnachtsopen (M)"]
[Site "Zürich"]
[Date "2011.12.29"]
[Round "5"]
[White "Adamantidis, Panagiotis"]
[Black "Hugentobler , Patrik	"]
[Result "0-1"]
[WhiteElo "2125"]
[BlackElo "2290"]
[PlyCount "80"]
[EventDate "2011.12.26"]
[SourceDate "2011.12.26"]

1. d4 Nf6 2. c4 g6 3. Nc3 d5 4. cxd5 Nxd5 5. Bd2 Nb6 6. Bf4 Bg7 7. Nf3 c5 8. e4
cxd4 9. Nb5 Na6 10. Nbxd4 O-O 11. Be2 Nc5 12. e5 Ne6 13. Be3 Nd5 14. Nxe6 Bxe6
15. Bd4 Qa5+ 16. Kf1 Bh6 17. g3 Bh3+ 18. Kg1 Rfd8 19. Bf1 Bg4 20. h3 Ne3 21.
fxe3 Bxe3+ 22. Kh2 Rxd4 23. hxg4 Rxd1 24. Rxd1 Qxa2 25. Bg2 Qe6 26. Rd3 Bb6 27.
Bh3 Rd8 28. Rhd1 Rxd3 29. Rxd3 Qc4 30. Rd7 Qc6 31. Rd3 Qe4 32. Rc3 Qe2+ 33. Bg2
Qxb2 34. Rc8+ Kg7 35. g5 a5 36. Re8 Bc5 37. Rc8 b6 38. Kh3 a4 39. Bf1 Qb3 40.
Kg4 Qe6+ 0-1

[Event "Weihnachtsopen (M)"]
[Site "Zürich"]
[Date "2011.12.29"]
[Round "5"]
[White "Gähwiler , Gabriel	"]
[Black "Pham Toan Thanh	"]
[Result "1-0"]
[WhiteElo "2260"]
[BlackElo "2095"]
[PlyCount "61"]
[EventDate "2011.12.26"]
[SourceDate "2011.12.26"]

1. e4 c6 2. d4 d5 3. Nc3 dxe4 4. Nxe4 Bf5 5. Ng3 Bg6 6. Bc4 e6 7. N1e2 Bd6 8.
O-O Nf6 9. f4 Qd7 10. Bd3 Bxd3 11. Qxd3 g6 12. b3 Qc7 13. c4 Nbd7 14. Bb2 O-O
15. Rf3 c5 16. dxc5 Bxc5+ 17. Kh1 Be7 18. Qc3 Nc5 19. Re3 Rfe8 20. Rf1 Rad8 21.
f5 exf5 22. Nxf5 gxf5 23. Rg3+ Kf8 24. Bc1 Qxg3 25. Nxg3 Rd3 26. Bh6+ Kg8 27.
Qe5 Bf8 28. Qxf6 Rd6 29. Qg5+ Rg6 30. Qxf5 Bxh6 31. Qxc5 1-0

[Event "Weihnachtsopen (M)"]
[Site "Zürich"]
[Date "2011.12.29"]
[Round "5"]
[White "Wüthrich, Lorenz"]
[Black "Schweizer, Simon"]
[Result "1-0"]
[WhiteElo "2136"]
[BlackElo "1979"]
[PlyCount "55"]
[EventDate "2011.12.26"]
[SourceDate "2011.12.26"]

1. d4 g6 2. c4 Bg7 3. e4 d6 4. Nc3 e5 5. dxe5 dxe5 6. Be3 Qxd1+ 7. Rxd1 c6 8.
c5 Be6 9. Nf3 f6 10. Nd2 Bh6 11. Bxh6 Nxh6 12. Bc4 Bxc4 13. Nxc4 Nf7 14. Na5 b6
15. Nb7 Ke7 16. b4 Nd7 17. b5 Nxc5 18. Nxc5 bxc5 19. bxc6 Rac8 20. Nd5+ Ke6 21.
c7 Nd6 22. f3 Nb5 23. Rc1 Nxc7 24. Rxc5 Nxd5 25. Rxd5 Rc2 26. O-O Rxa2 27. Rfd1
a5 28. Rd6+ 1-0

[Event "Weihnachtsopen (M)"]
[Site "Zürich"]
[Date "2011.12.29"]
[Round "5"]
[White "Grachev, Boris"]
[Black "Halkias, Stelios"]
[Result "1-0"]
[WhiteElo "2693"]
[BlackElo "2670"]
[PlyCount "107"]
[EventDate "2011.12.26"]
[SourceDate "2011.12.26"]

1. c4 e6 2. Nc3 d5 3. d4 c5 4. cxd5 exd5 5. Nf3 Nc6 6. g3 Nf6 7. Bg2 Be7 8. O-O
O-O 9. dxc5 Bxc5 10. Na4 Be7 11. Be3 Re8 12. Rc1 Bg4 13. Nc5 Bxc5 14. Bxc5 Qa5
15. Qb3 Qa6 16. Rfe1 Rad8 17. h3 Bh5 18. Qa3 Qxa3 19. Bxa3 Bxf3 20. Bxf3 Nd4
21. Kg2 Nxf3 22. Kxf3 Rc8 23. Red1 Rc6 24. Bc5 Rec8 25. Be3 a6 26. g4 h6 27.
Rxc6 bxc6 28. Rc1 Nd7 29. Bd4 f6 30. e4 dxe4+ 31. Kxe4 Kf7 32. Rc3 Ke6 33. Ra3
Rb8 34. f4 g6 35. f5+ gxf5+ 36. gxf5+ Kd6 37. Be3 Re8+ 38. Kf4 Ne5 39. Bd4 Kd5
40. Bxe5 fxe5+ 41. Ke3 e4 42. Ra5+ Kd6 43. Ra4 Rb8 44. b3 Ke5 45. Rxa6 Rd8 46.
Ra5+ Rd5 47. Rxd5+ cxd5 48. a4 d4+ 49. Ke2 Kxf5 50. a5 Kf4 51. a6 d3+ 52. Kd2
e3+ 53. Kxd3 Kf3 54. a7 1-0

[Event "Weihnachtsopen (M)"]
[Site "Zürich"]
[Date "2011.12.29"]
[Round "6"]
[White "Stoeri, Laura"]
[Black "Hasenohr, Benedict"]
[Result "1/2-1/2"]
[WhiteElo "1939"]
[BlackElo "2185"]
[PlyCount "98"]
[EventDate "2011.12.26"]
[SourceDate "2011.12.26"]

1. e4 e6 2. d4 a6 3. Nf3 d5 4. Nbd2 Be7 5. Bd3 c5 6. exd5 exd5 7. dxc5 Bxc5 8.
O-O Ne7 9. Nb3 Bd6 10. Nfd4 Nbc6 11. Re1 Ne5 12. Bf1 O-O 13. f4 Nc4 14. Bd3 g6
15. c3 Qb6 16. Kh1 Bd7 17. f5 Ne5 18. f6 N7c6 19. Be2 Rfe8 20. Bg5 Nc4 21. Nxc6
Bxc6 22. Qc1 Qc7 23. Nd4 Bxh2 24. Nxc6 bxc6 25. Bxc4 dxc4 26. Qc2 Bf4 27. Bh4
Bg3 28. Bxg3 Qxg3 29. Re4 Re5 30. Rxe5 Qxe5 31. Rf1 Rd8 32. Qf2 h6 33. Re1 Qg5
34. Kg1 Rd2 35. Qf3 Qc5+ 36. Kh1 Rxb2 37. Re8+ Kh7 38. Re7 Rb1+ 39. Kh2 Qd6+
40. g3 Rb2+ 41. Kh3 Qd2 42. Rxf7+ Kg8 43. Rg7+ Kf8 44. Rxg6 Qh2+ 45. Kg4 Rb5
46. Kf4 Kf7 47. Rg7+ Kxf6 48. Qxc6+ Kxg7 49. Qd7+ Kf6 1/2-1/2

[Event "Weihnachtsopen (M)"]
[Site "Zürich"]
[Date "2011.12.29"]
[Round "6"]
[White "Bous 	, Florian"]
[Black "Schiendorfer , Florian	"]
[Result "0-1"]
[WhiteElo "2222"]
[BlackElo "2128"]
[PlyCount "40"]
[EventDate "2011.12.26"]
[SourceDate "2011.12.26"]

1. d4 Nf6 2. c4 e6 3. Nc3 Bb4 4. Qc2 Nc6 5. Nf3 d6 6. Bd2 O-O 7. a3 Bxc3 8.
Bxc3 a5 9. b3 Qe7 10. g3 e5 11. dxe5 dxe5 12. e3 e4 13. Nd2 Ne5 14. Be2 Bf5 15.
Qb2 Nfd7 16. g4 Bxg4 17. Nxe4 Bf3 18. Rg1 Bxe4 19. O-O-O f6 20. Rg3 Nc5 0-1

[Event "Weihnachtsopen (M)"]
[Site "Zürich"]
[Date "2011.12.29"]
[Round "6"]
[White "Aerni , Andreas	"]
[Black "Yankelevich , Lev	"]
[Result "1-0"]
[WhiteElo "2209"]
[BlackElo "2065"]
[PlyCount "37"]
[EventDate "2011.12.26"]
[SourceDate "2011.12.26"]

1. e4 Nf6 2. Nc3 d5 3. e5 d4 4. exf6 dxc3 5. fxg7 cxd2+ 6. Bxd2 Bxg7 7. Qf3 Nc6
8. Bb5 Bd7 9. Bc3 Bxc3+ 10. Qxc3 Rg8 11. O-O-O e6 12. Nf3 Qe7 13. Rxd7 Qxd7 14.
Rd1 Qc8 15. Ne5 Rb8 16. Bxc6+ bxc6 17. Qxc6+ Kf8 18. Nd7+ Ke7 19. Qc5+ 1-0

[Event "Weihnachtsopen (M)"]
[Site "Zürich"]
[Date "2011.12.29"]
[Round "6"]
[White "Lampert , Jonas	"]
[Black "Remensberger , Hansuli	"]
[Result "1-0"]
[WhiteElo "2147"]
[BlackElo "2113"]
[PlyCount "33"]
[EventDate "2011.12.26"]
[SourceDate "2011.12.26"]

1. e4 e6 2. d4 d5 3. Nc3 Nc6 4. e5 f6 5. Bb5 Bd7 6. Nf3 Qe7 7. O-O Qf7 8. Qe2
O-O-O 9. Bd2 Nge7 10. Rfe1 fxe5 11. Nxe5 Nxe5 12. Qxe5 c6 13. Bf4 Qxf4 14. Qxf4
cxb5 15. a4 bxa4 16. Nxa4 Nf5 17. Nb6+ 1-0

[Event "Weihnachtsopen (M)"]
[Site "Zürich"]
[Date "2011.12.29"]
[Round "6"]
[White "Prohaska, Peter"]
[Black "Kurnosov, Igor"]
[Result "0-1"]
[WhiteElo "2564"]
[BlackElo "2648"]
[PlyCount "100"]
[EventDate "2011.12.26"]
[SourceDate "2011.12.26"]

1. d4 Nf6 2. c4 g6 3. Nc3 d5 4. Nf3 Bg7 5. e3 O-O 6. cxd5 Nxd5 7. Bc4 Nxc3 8.
bxc3 c5 9. O-O Qc7 10. Qe2 b6 11. Rd1 Nc6 12. Ba3 Bb7 13. Rac1 Rac8 14. Ba6 Na5
15. dxc5 bxc5 16. Rb1 Rfd8 17. Rxd8+ Rxd8 18. Bxb7 Nxb7 19. Qa6 Qb6 20. Rxb6
Rd1+ 21. Qf1 Rxf1+ 22. Kxf1 axb6 23. Bb2 Nd6 24. Nd2 f5 25. a4 Kf7 26. Ke2 e5
27. Ba3 e4 28. a5 bxa5 29. Bxc5 Nb5 30. c4 Nc3+ 31. Ke1 a4 32. Bb4 Ke6 33. h4
Bf6 34. g3 Be5 35. Kf1 Nd1 36. Ke2 Nb2 37. Ba3 Bc3 38. Nb1 Bf6 39. Nd2 Nd3 40.
f3 Bb2 41. Bf8 a3 42. Bxa3 Bxa3 43. fxe4 Ne5 44. exf5+ Kxf5 45. Nb3 Nxc4 46.
Nd4+ Kg4 47. Ne6 Kxg3 48. h5 gxh5 49. Ng5 Be7 50. Nxh7 Kg2 0-1

[Event "Weihnachtsopen (M)"]
[Site "Zürich"]
[Date "2011.12.29"]
[Round "6"]
[White "Imre, Hera"]
[Black "Gähwiler, Gabriel"]
[Result "1-0"]
[WhiteElo "2542"]
[BlackElo "2244"]
[PlyCount "117"]
[EventDate "2011.12.26"]
[SourceDate "2011.12.26"]

1. d4 Nf6 2. c4 g6 3. g3 Bg7 4. Bg2 O-O 5. Nc3 d6 6. Nf3 Nc6 7. O-O a6 8. h3
Bd7 9. e4 e5 10. dxe5 Nxe5 11. Nxe5 dxe5 12. Be3 Be6 13. Qe2 c6 14. c5 Qa5 15.
Kh2 Nd7 16. Rab1 Qb4 17. Rfd1 Rfd8 18. a3 Qb3 19. Rd2 Bf8 20. Rbd1 Be7 21. Nd5
cxd5 22. exd5 Bf5 23. d6 Bf8 24. Bd5 Qb5 25. Qxb5 axb5 26. Bxb7 Rab8 27. Bg2 e4
28. c6 Rbc8 29. cxd7 Rxd7 30. Bf1 Rb8 31. Rd5 b4 32. axb4 Rxb4 33. R5d2 Be6 34.
Bc5 Rb3 35. Ra1 f5 36. Ra7 Rxa7 37. Bxa7 Rb7 38. Bc5 Kf7 39. b4 Bg7 40. Ba6 Rb8
41. b5 Bc4 42. d7 Bf6 43. Bd6 Rd8 44. Bc7 Bd3 45. Bxd8 Bxd8 46. b6 Bxa6 47. Ra2
Bxb6 48. Rxa6 Bd8 49. Rd6 Ke7 50. Rd5 Ke6 51. Rd2 g5 52. g4 f4 53. Kg2 Ke5 54.
Rd1 f3+ 55. Kf1 Ke6 56. Rd4 Ke5 57. Ra4 Kd6 58. Rxe4 Kxd7 59. Re3 1-0

[Event "Weihnachtsopen (M)"]
[Site "Zürich"]
[Date "2011.12.29"]
[Round "6"]
[White "Zozulia, Anna"]
[Black "Kessler, Luca"]
[Result "0-1"]
[WhiteElo "2370"]
[BlackElo "2241"]
[PlyCount "56"]
[EventDate "2011.12.26"]
[SourceDate "2011.12.26"]

1. e4 c6 2. d4 d5 3. Nc3 dxe4 4. Nxe4 Bf5 5. Ng3 Bg6 6. N1e2 e6 7. Nf4 Bd6 8.
Be2 Nf6 9. h4 Qc7 10. Ngh5 Nxh5 11. Nxh5 Bxh5 12. Bxh5 Nd7 13. Qe2 O-O 14. Be3
Qa5+ 15. c3 Nf6 16. Bf3 Nd5 17. Bxd5 exd5 18. g4 b5 19. a3 Rfe8 20. Kf1 Bf4 21.
Rh3 Qc7 22. Kg2 Re4 23. Rf3 Bd6 24. Rh3 Rae8 25. Rg1 Qd7 26. Kf1 h5 27. Rhh1
hxg4 28. h5 Qf5 0-1

[Event "Weihnachtsopen (M)"]
[Site "Zürich"]
[Date "2011.12.29"]
[Round "6"]
[White "Pikula, Dejan"]
[Black "Klauser, Markus"]
[Result "1/2-1/2"]
[WhiteElo "2535"]
[BlackElo "2364"]
[PlyCount "68"]
[EventDate "2011.12.26"]
[SourceDate "2011.12.26"]

1. e4 e5 2. Bc4 Nf6 3. d3 Bc5 4. Nf3 Nc6 5. c3 a6 6. Bb3 Ba7 7. h3 d6 8. Nbd2
O-O 9. Nf1 d5 10. Qe2 Be6 11. Ng5 dxe4 12. Bxe6 exd3 13. Nxf7 Rxf7 14. Qf3 Qe7
15. Bxf7+ Qxf7 16. Be3 e4 17. Qf4 Qh5 18. Ng3 Bxe3 19. Qxe3 Qe5 20. O-O Re8 21.
Rfe1 Na5 22. b3 c5 23. Qd2 c4 24. b4 Nc6 25. Re3 h6 26. Rae1 Qg5 27. Nf1 b5 28.
Rg3 Qxd2 29. Nxd2 Kf7 30. Rge3 Ne7 31. Rxe4 Nxe4 32. Nxe4 Nf5 33. Kf1 Re6 34.
Nc5 Rxe1+ 1/2-1/2

[Event "Weihnachtsopen (M)"]
[Site "Zürich"]
[Date "2011.12.30"]
[Round "7"]
[White "Klauser, Markus"]
[Black "Prohaszka, Peter"]
[Result "0-1"]
[WhiteElo "2364"]
[BlackElo "2564"]
[PlyCount "98"]
[EventDate "2011.12.26"]
[SourceDate "2011.12.26"]

1. e4 c6 2. d4 d5 3. e5 Bf5 4. Nf3 e6 5. Be2 Nd7 6. O-O h6 7. Nbd2 Ne7 8. Nb3
Bh7 9. a4 Rc8 10. c3 Ng6 11. g3 a6 12. Be3 c5 13. Nxc5 Nxc5 14. dxc5 Bxc5 15.
Bxc5 Rxc5 16. Bd3 Qc7 17. Re1 O-O 18. Qe2 Ne7 19. Bxh7+ Kxh7 20. Nd4 Rc4 21.
Qd3+ Kg8 22. Re3 Rc8 23. h4 Nc6 24. Nf3 Nb8 25. Nd2 Rc6 26. Qd4 Rb6 27. b3 Nc6
28. Qc5 Qd8 29. Qa3 Na5 30. Rd3 Qf8 31. Qxf8+ Kxf8 32. b4 Nc4 33. Nf3 Nb2 34.
Rd2 Rxc3 35. Rxb2 Rxf3 36. Rc1 g5 37. hxg5 hxg5 38. Rc7 Ra3 39. a5 Rb5 40. Rc8+
Kg7 41. Kg2 d4 42. f4 Rd5 43. Rb1 Rc3 44. Rb8 d3 45. Rh1 Rc2+ 46. Kf3 g4+ 47.
Kxg4 d2 48. Rhh8 d1=Q+ 49. Kg5 f6+ 0-1

[Event "Weihnachtsopen (M)"]
[Site "Zürich"]
[Date "2011.12.30"]
[Round "7"]
[White "Miezis, Normunds"]
[Black "Schiendorfer, Emanuel"]
[Result "1-0"]
[WhiteElo "2547"]
[BlackElo "2354"]
[PlyCount "117"]
[EventDate "2011.12.26"]
[SourceDate "2011.12.26"]

1. c4 e6 2. e4 d5 3. exd5 exd5 4. d4 Nf6 5. Nc3 Bb4 6. Bd3 O-O 7. Nge2 Nc6 8.
Bg5 dxc4 9. Bxc4 h6 10. Bh4 Bf5 11. O-O Be7 12. a3 Ne4 13. Bxe7 Nxe7 14. Re1
Nd6 15. Ba2 Qd7 16. Nf4 Ng6 17. Nd3 Bxd3 18. Qxd3 Qg4 19. Nd5 c6 20. Ne7+ Nxe7
21. Rxe7 Rfe8 22. Re5 Nb5 23. Rae1 Qd7 24. Qe4 Rxe5 25. dxe5 Nc7 26. f4 Rd8 27.
f5 Qd4+ 28. Qxd4 Rxd4 29. Re2 Kf8 30. g3 Nd5 31. Kf2 Ke7 32. Kf3 g6 33. fxg6
fxg6 34. Bb1 Kf7 35. h4 a5 36. Be4 Ne7 37. Ke3 Rd1 38. Rf2+ Ke6 39. Bxg6 Nxg6
40. Rf6+ Kxe5 41. Rxg6 Rb1 42. Rxh6 a4 43. Rh5+ Ke6 44. Ke4 Rxb2 45. Rh6+ Kf7
46. h5 Rb3 47. g4 Rxa3 48. g5 Rh3 49. Kf5 Rf3+ 50. Ke5 Kg7 51. Rd6 a3 52. h6+
Kg8 53. Rd8+ Kh7 54. Rd7+ Kg8 55. g6 Re3+ 56. Kf6 Rf3+ 57. Kg5 Rg3+ 58. Kf5
Rf3+ 59. Kg4 1-0

[Event "Weihnachtsopen (M)"]
[Site "Zürich"]
[Date "2011.12.30"]
[Round "7"]
[White "Milosevic, Goran"]
[Black "Héra, Imre"]
[Result "0-1"]
[WhiteElo "2340"]
[BlackElo "2542"]
[PlyCount "74"]
[EventDate "2011.12.26"]
[SourceDate "2011.12.26"]

1. e4 c6 2. d4 d5 3. Nc3 dxe4 4. Nxe4 Bf5 5. Ng3 Bg6 6. h4 h6 7. Nf3 Nd7 8. h5
Bh7 9. Bd3 Bxd3 10. Qxd3 e6 11. Bd2 Ngf6 12. O-O-O Be7 13. Ne4 O-O 14. g4 Nxe4
15. Qxe4 Nf6 16. Qe2 Qd5 17. Kb1 Qe4 18. Qxe4 Nxe4 19. Rh2 f5 20. Ne5 Rad8 21.
f3 Nxd2+ 22. Rhxd2 Bg5 23. Re2 fxg4 24. fxg4 Rxd4 25. Rg1 Rff4 26. c3 Rde4 27.
Rge1 Rxe2 28. Rxe2 Bf6 29. Nd7 Kf7 30. Nc5 b6 31. Nxe6 Rxg4 32. Nc7 Rg5 33. Re6
Rxh5 34. Rxc6 Re5 35. a4 h5 36. Rd6 h4 37. Rd3 Rh5 0-1

[Event "Weihnachtsopen (M)"]
[Site "Zürich"]
[Date "2011.12.30"]
[Round "7"]
[White "Sanikidze, Tornike"]
[Black "Misiano, Franco"]
[Result "1-0"]
[WhiteElo "2531"]
[BlackElo "2293"]
[PlyCount "51"]
[EventDate "2011.12.26"]
[SourceDate "2011.12.26"]

1. d4 Nf6 2. c4 c5 3. d5 e6 4. Nc3 exd5 5. cxd5 d6 6. Nf3 g6 7. Bf4 a6 8. a4
Bg7 9. h3 O-O 10. e3 Re8 11. Nd2 Nh5 12. Bh2 f5 13. Be2 f4 14. O-O fxe3 15.
fxe3 Qg5 16. Bxh5 gxh5 17. Nc4 Qg6 18. Kh1 Nd7 19. Nxd6 Rxe3 20. Nf5 Re8 21. d6
Kh8 22. Ne7 Qh6 23. Bf4 Qf6 24. Ncd5 Qxb2 25. Rb1 Qd4 26. Qxh5 1-0

[Event "Weihnachtsopen (M)"]
[Site "Zürich"]
[Date "2011.12.30"]
[Round "7"]
[White "Moor, Olivier"]
[Black "Karrer, Damian"]
[Result "1-0"]
[WhiteElo "2370"]
[BlackElo "2181"]
[PlyCount "109"]
[EventDate "2011.12.26"]
[SourceDate "2011.12.26"]

1. d4 d5 2. c4 c6 3. Nf3 Nf6 4. e3 g6 5. Nbd2 Bg7 6. Bd3 O-O 7. b4 Nbd7 8. Bb2
Ne8 9. O-O Nd6 10. a4 Nf6 11. b5 Bf5 12. Bxf5 Nxf5 13. Qb3 Nd6 14. Ne5 Nfe4 15.
Nxe4 Nxe4 16. Rfd1 Rc8 17. bxc6 bxc6 18. Ba3 Qc7 19. cxd5 Bxe5 20. dxe5 Qxe5
21. Bb2 Qb8 22. Qxb8 Rxb8 23. Bd4 Rbc8 24. f3 Nd6 25. Rac1 c5 26. Bc3 Rb8 27.
Rb1 Rfc8 28. Kf2 Kf8 29. Ke2 Ke8 30. e4 Rb6 31. e5 Nf5 32. g4 Nd4+ 33. Bxd4
cxd4 34. Rxb6 axb6 35. Rxd4 Kd7 36. Kd3 Rc5 37. h4 b5 38. axb5 Rxb5 39. Ke4 f6
40. exf6 exf6 41. Ra4 Rb7 42. g5 Ke7 43. Kd4 fxg5 44. hxg5 Rb1 45. Ra7+ Kd6 46.
Ra6+ Ke7 47. Re6+ Kd7 48. Ke5 Rf1 49. f4 Rf2 50. Ra6 Re2+ 51. Kf6 Re4 52. Ra7+
Kd6 53. Rxh7 Rxf4+ 54. Kxg6 Kxd5 55. Re7 1-0

[Event "Weihnachtsopen (M)"]
[Site "Zürich"]
[Date "2011.12.30"]
[Round "7"]
[White "Minko, Vladimir"]
[Black "Kraidman, Yair"]
[Result "1-0"]
[WhiteElo "2033"]
[BlackElo "2267"]
[PlyCount "119"]
[EventDate "2011.12.26"]
[SourceDate "2011.12.26"]

1. c4 Nf6 2. Nc3 g6 3. g3 Bg7 4. Bg2 e5 5. e4 Nc6 6. Nge2 d6 7. d3 Be6 8. h3
Qd7 9. Nd5 O-O 10. Bh6 Bxd5 11. Bxg7 Kxg7 12. cxd5 Ne7 13. O-O c6 14. dxc6 Nxc6
15. f4 Qc7 16. Qd2 Qb6+ 17. Kh2 Rac8 18. Nc3 a6 19. fxe5 Ng8 20. Nd5 Qd4 21.
exd6 Rcd8 22. Qc3 Rxd6 23. Rac1 Rfd8 24. g4 h6 25. Qxd4+ Nxd4 26. Rc4 Nc6 27.
Rc2 R6d7 28. Rcf2 Rf8 29. Rd2 Nd4 30. Rc1 b5 31. Rc7 Rfd8 32. Rxd7 Rxd7 33. Kg3
Ne7 34. Kf4 g5+ 35. Ke3 Nec6 36. Rf2 a5 37. Bf1 Rd6 38. Be2 Nc2+ 39. Kd2 N2d4
40. Rf1 Ne5 41. Rc1 Rd7 42. Ke3 Nec6 43. Rc5 f6 44. Bd1 Rb7 45. Nc3 Kg6 46. Ne2
Nxe2 47. Bxe2 Nb4 48. a3 Na6 49. Rc6 Nc7 50. d4 Kf7 51. d5 Ne8 52. Kd4 b4 53.
a4 b3 54. Bc4 Ke7 55. Re6+ Kd8 56. d6 Rb4 57. Kc5 Kd7 58. Re7+ Kd8 59. Ra7 Rb8
60. Bb5 1-0

[Event "Weihnachtsopen (M)"]
[Site "Zürich"]
[Date "2011.12.30"]
[Round "7"]
[White "Haas, Carmi"]
[Black "Meylan, André"]
[Result "1-0"]
[WhiteElo "2195"]
[BlackElo "2038"]
[PlyCount "97"]
[EventDate "2011.12.26"]
[SourceDate "2011.12.26"]

1. c4 e5 2. g3 Nf6 3. Nc3 c6 4. d4 exd4 5. Qxd4 d5 6. Bg5 Be7 7. Bg2 Be6 8.
cxd5 cxd5 9. Qa4+ Nc6 10. Nf3 h6 11. Be3 O-O 12. O-O Bb4 13. Nb5 Qe7 14. a3 Bc5
15. Bxc5 Qxc5 16. Rac1 Qb6 17. Nbd4 Rac8 18. Nxe6 fxe6 19. Bh3 Kf7 20. b4 a6
21. b5 axb5 22. Qf4 g5 23. Qd6 Rfe8 24. Ne5+ Kg7 25. Bxe6 Qc7 26. Nf7 Rxe6 27.
Qxe6 Re8 28. Nxg5 hxg5 29. Qf5 Qe5 30. Qxe5 Rxe5 31. e3 Ne4 32. Rfd1 g4 33. Rc2
Ng5 34. h4 Ne4 35. Rd3 Nd6 36. Rc5 Ne7 37. Rd4 Re4 38. Rxe4 Nxe4 39. Rxb5 Nd6
40. Rb4 Kf6 41. Rxg4 Nc4 42. a4 Ng6 43. Rd4 Ke6 44. h5 Nge5 45. Kg2 Nf7 46. Kf1
b6 47. Ke2 Nh6 48. g4 Nf7 49. f4 1-0